000 00236nam a2200097Ia 4500
008 230508s2000 xx 000 0 und d
041 _aeng
100 _aJAIN P.L.
245 _aPRIN.OF FOUNDRY TECNOLOGY 3RD ED
260 _bTATA MCG
_c2000
999 _c341604
_d341604